El Cid. Nicomedes

Αποθηκεύτηκε σε:
Λεπτομέρειες βιβλιογραφικής εγγραφής
Κύριος συγγραφέας: Corneille, Pierre
Μορφή: Βιβλίο
Γλώσσα:Undetermined
Έκδοση: Madrid, España Espasa-Calpe 1966
Έκδοση:3
Θέματα:
Ετικέτες: Προσθήκη ετικέτας
Δεν υπάρχουν, Καταχωρήστε ετικέτα πρώτοι!

MARC

LEADER 00000nam a2200000Ia 4500
008 170316s9999 xx 000 0 und d
040 |a cru BVZT 
090 |a 840 C-12ci 
100 |a Corneille, Pierre 
245 |a El Cid. Nicomedes 
250 |a 3 
260 |a Madrid, España 
260 |b Espasa-Calpe 
260 |c 1966 
300 |a 152 páginas 
650 |a LITERATURA FRANCESA 
999 |c 7570  |d 7570 
942 |c 15 D  |h 840 C-12ci  |2 z